000 00543nam a2200217Ii 4500
003 JO-AjNU
008 230606s9999||||xx |||||||||||||| ||und||
020 _a0521-01030-6
040 _aJO-AjNU
_beng
_erda
_cJO-AjNU
041 _aeng
050 1 4 _aQA21.2.2001
100 3 _aMilner,Bryan,
_eauthor
_95076
245 0 0 _aPhysics
250 _a1 ed
264 3 1 _aCambridge,2001
300 _a246p
336 _atext
_btxt
_2rdacontent
337 _aunmediated
_bn
_2rdamedia
338 _avolume
_bnc
_2rdacarrier
650 4 _aphysics
_95077
999 _aE2625
_c2623
_d2623